| 000 | 00000nam##2200000za#4500 |
| 001 | 9.603077 |
| 003 | CaOODSP |
| 005 | 20210624210905 |
| 007 | cr ||||||||||| |
| 008 | 150406|2001||||xxc|||||o f|0| 0 fre|d |
| 040 | |aCaOODSP|bfre |
| 043 | |an-cn--- |
| 086 | 1 |aM92-216/2001F-PDF |
| 110 | 1 |aCanada. |bRessources naturelles Canada. |
| 245 | 14|aThe Koughan Auto Body, chauffage à la biomasse d'un atelier de carrosserie |h[ressource électronique] |
| 260 | |aOttawa - Ontario : |bRessources naturelles Canada |c2001. |
| 300 | |a6p.|bfigure, glossaire, photographies |
| 490 | 1 |aÉtude de cas. Systèmes de chauffage à la biomasse |vPrintemps 2001 |
| 500 | |aLe n° de catalogue (M92-216/2001F) et l'ISBN (0-662-85740-2) de l'édition imprimée ont été incorrectement copiés dans l'édition électronique. |
| 590 | |a12-02-Supp|b2012-01-20 |
| 775 | 08|tThe Koughan Auto Body, heating an auto body shop with biomass |w(CaOODSP)9.572811 |
| 776 | 0#|tThe Koughan Auto Body: chauffage à la biomasse d'un atelier de carrosserie : |w(CaOODSP)9.625627 |
| 830 | #0|aÉtude de cas. Systèmes de chauffage à la biomasse ;|vPrintemps 2001|w(CaOODSP)9.501325 |
| 856 | 40|ahttp://publications.gc.ca|qPDF|s503 Ko|uhttps://publications.gc.ca/collections/Collection/M92-216-2001F.pdf|yPrintemps 2001 |